000 00946nam a22002297a 4500
001 37946
003 BD-RjUL
005 20211209052708.0
008 150816s2012 bg ||||| b||| 001 0 ben d
020 _a9789845120050 (hardcover)
035 _a(BD-RjUL)
040 _aBD-RjUL
_bben
_cBD-RjUL
041 _aben
082 _222
_aB 891.4409
_bRAB 2012
100 1 0 _aরহমান, এম. মতিউর
_9117550
245 _aবাঙ্গালির দর্শন :
_bব্রাহ্ম ভাবধারা /
_cএম. মতিউর রহমান
_n[ প্রথম খন্ড ]
260 _aঢাকা :
_bবাংলাদেশ এশিয়াটিক সোসাইটি,
_c২০১২
300 _a[ ষো ল ], ৫৮৮ পৃ. ;
_c২৫ সেমি.
504 _aIncludes bibliographical references and index.
650 _aBengali literature
_xHistory and criticism.
_9117020
942 _2ddc
_cBK
999 _c37946
_d37946